000 00182 a2200097 4500
001 5115
100 _aStone,R
245 _aHeat & Light
260 _a
_bEUP
_c
090 _c4255
_d4255
942 _aNUST-CAE
_cM
_c30551
999 _c240188
_d240188